| 000 | 00391nam a2200157Ia 4500 | ||
|---|---|---|---|
| 008 | 210716s2005 xx 000 0 und d | ||
| 020 | _a8178817004 | ||
| 041 | _aeng | ||
| 082 | _a658.802 SURK | ||
| 100 | _aSuresh, K. | ||
| 245 | _aRural markets: emerging opportunities. | ||
| 250 | _a1 | ||
| 260 |
_aHyderabad _bICFAI University Press _c2005 |
||
| 300 | _ax,174 | ||
| 700 | _aSuresh, K. | ||
| 999 |
_c202417 _d202417 |
||